000 00346nam a2200133Ia 4500
008 220216s9999 xx 000 0 und d
100 _aHuat O S
245 0 _aRRIM 800 series clone trials (First selection) : Second report
260 _bPlanters Bulletin
_c1984
300 _a16-21
700 _aKheng K S
700 _aSultan M O
942 _cJS
999 _c67347
_d67347